Countries that Touch the Prime Meridian or Equator - Blind Typing - Statistics

General Stats
  • This quiz has been taken 14 times
  • The average score is 13 of 19
Answer Stats
Country % Correct
br Brazil
100%
cd D. R. Congo
93%
ec Ecuador
93%
co Colombia
86%
ke Kenya
86%
cg Republic of Congo
86%
ga Gabon
79%
id Indonesia
79%
ug Uganda
79%
so Somalia
71%
dz Algeria
50%
bf Burkina Faso
50%
fr France
50%
gh Ghana
50%
ml Mali
50%
st São Tomé & Príncipe
50%
es Spain
50%
gb United Kingdom
50%
tg Togo
36%
No matching quizzes found
Score Distribution
Percent of People with Each Score
Percentile by Number Answered
Your Score History
You have not taken this quiz